Catálogo
 En Linea

Convención sobre la eliminación de todas las formas de discriminación contra la mujer. (Registro nro. 44343)

Detalles MARC
000 -CABECERA
campo de control de longitud fija 00346nam a2200109 a 4500
001 - NÚMERO DE CONTROL
campo de control 000044854
005 - FECHA Y HORA DE LA ÚLTIMA TRANSACCIÓN
campo de control 20201002045700.0
008 - DATOS DE LONGITUD FIJA--INFORMACIÓN GENERAL
campo de control de longitud fija 150114s1900 000 spa d
040 ## - FUENTE DE LA CATALOGACIÓN
Centro catalogador/agencia de origen DO-SdBNP
Lengua de catalogación spa
Centro/agencia transcriptor BNPHU
245 #0 - MENCIÓN DE TÍTULO
Título Convención sobre la eliminación de todas las formas de discriminación contra la mujer.
260 ## - PUBLICACIÓN, DISTRIBUCIÓN, ETC.
Lugar de publicación, distribución, etc. New York, :
Nombre del editor, distribuidor, etc. UNICEF,
Fecha de publicación, distribución, etc. 1900?
Existencias
Estado de retiro Estado de pérdida Restricciones de uso No para préstamo Código de colección Localización permanente Ubicación/localización actual Ubicación en estantería Fecha de adquisición Número de inventario Total de préstamos Signatura topográfica completa Código de barras Fecha visto por última vez Precio válido a partir de Tipo de ítem Koha
      Excluido de préstamo Monografías: Libros y Folletos General General Depósito 14.01.2015 LF1   342.0878 C766 44854-10 25.06.2020 25.06.2020 No se presta

Con tecnología Koha